000
00242nam a22001217a 4500
082
_a
507.2 OWE'H
100
_a
OWEN, W
_9
56359
245
_a
WHEELS
250
_a
2ND
260
_a
HONG KONG
_b
TIME-LIFE
_c
1981
300
_a
200P
942
_c
BK
999
_c
566804
_d
566804